Montaje de banco de prueba para motores

Presenta una guía de montaje y desmontaje de motor en banco de ensayo de la FTI, muestra la creación de la estructura requerida para el montaje del banco de prueba

Bibliographic Details
Main Authors: Domínguez Hernández, Roberto Edwar, Amador, Franklin Guillermo, Arróliga Corrales, José de Jesús
Other Authors: Tutor: Blandino Rayo, César Alejandro
Format: Tesis Section = Libro
Language:Undetermined
Spanish
Published: Managua UNI 2007
Subjects:
LEADER 00936nam a2200253Ia 4500
008 240830s9999 xx 000 0 und d
040 |a BIBLIOTECA-RUPAP Mon 621.43 D671 
041 |a spa 
082 |a Mon 621.43 D671 
100 1 |a Domínguez Hernández, Roberto Edwar 
100 1 |b Amador, Franklin Guillermo 
100 1 |c Arróliga Corrales, José de Jesús 
245 1 0 |a Montaje de banco de prueba para motores 
260 |a Managua  |b UNI  |c 2007 
300 |a 87 p. :il. 
500 |a Contiene: anexos. 
502 |a Tesis (Ingeniero Mecánico)- UNI, 2007. 
520 3 |a Presenta una guía de montaje y desmontaje de motor en banco de ensayo de la FTI, muestra la creación de la estructura requerida para el montaje del banco de prueba 
650 7 |a MOTORES DE COMBUSTIÓN INTERNA 
650 7 |b MOTORES - MECÁNICA 
700 1 |a Tutor:  |b Blandino Rayo, César Alejandro 
942 |c BK  |2 ddc 
991 |a TESIS 
999 |c 15772